| 000 | 00524nam a2200193 4500 | ||
|---|---|---|---|
| 001 | 116620 | ||
| 003 | ES-MaACL | ||
| 005 | 20230906190735.0 | ||
| 007 | t| | ||
| 008 | 061121s1979 sp r ||||1| spa d | ||
| 245 | 0 | 4 |
_aLos partidos políticos en España / _cRaúl Morodo...[et al.]. |
| 260 |
_aBercalona : _bLabor, _c1979. |
||
| 300 |
_a320 p. ; _c18 cm. |
||
| 490 | 1 | _aPoliteia | |
| 700 | 1 |
_aMorodo, Raúl. _983633 |
|
| 830 | 0 |
_aPoliteia _9178626 |
|
| 852 |
_aES-MaACL _jA-10262 _bR.99027 |
||
| 999 |
_c116620 _d116620 |
||